| 000 | 00760nam a22002057a 4500 | ||
|---|---|---|---|
| 008 | 090204t xxu||||| |||| 00| 0 eng d | ||
| 010 | _aENG-92831 | ||
| 020 |
_c90.00 _a9788190672214 |
||
| 035 | _aEN-76364 | ||
| 037 | _bDBAD / PUB | ||
| 040 |
_adpl _bEnglish |
||
| 082 | _a005.133 | ||
| 100 | _aSoranamageswari, M. | ||
| 245 |
_aProblems & solutions using C ++ / _cby M. Soranamageswari |
||
| 260 |
_aCoimbatore _bVaghai Publishers _c2008 |
||
| 300 |
_a183p. . _c20cm (pbk) |
||
| 650 | _aC++ (Computer program language) | ||
| 942 |
_2ddc _cEN _mSOR _h005.133 |
||
| 999 |
_c22990 _d22990 |
||